Diseño del parque urbano a escala metropolitana la Florida
Presenta diseño del parque urbano el cual trata de contribuir a dotar a la ciudad capital de un perfil propio, aprovechando condiciones topográficas, climáticas, históricas, sociales y culturales. Describe propuesta arquitectónica y la presentación de datos técnicos de la obra explica la mag...
| Main Author: | |
|---|---|
| Other Authors: | |
| Format: | Tesis Section = Libro |
| Language: | Undetermined Spanish |
| Published: |
Managua
UNI
1997
|
| Subjects: |
| LEADER | 01040nam a2200205Ia 4500 | ||
|---|---|---|---|
| 008 | 240830s9999 xx 000 0 und d | ||
| 040 | |a BIBLIOTECA-RUSB/ Mon 712.5 G588 | ||
| 041 | |a spa | ||
| 082 | |a Mon 712.5 G588 | ||
| 100 | 1 | |a Godoy Pérez, Juana Lissette | |
| 245 | 1 | 0 | |a Diseño del parque urbano a escala metropolitana la Florida |
| 260 | |a Managua |b UNI |c 1997 | ||
| 300 | |a 200 p. :il. | ||
| 502 | |a Tesis (Arquitecto) - UNI, 1997. | ||
| 520 | 3 | |a Presenta diseño del parque urbano el cual trata de contribuir a dotar a la ciudad capital de un perfil propio, aprovechando condiciones topográficas, climáticas, históricas, sociales y culturales. Describe propuesta arquitectónica y la presentación de datos técnicos de la obra explica la magnitud e importancia de la propuesta o proyecto. Enfoca reseña histórica de jardines y parques, ubicación arquitectónica del proyecto del parque. | |
| 650 | 7 | |a PARQUES Y LUGARES PUBLICOS | |
| 700 | 1 | |a Tutor: |b Norori, Otoniel | |
| 942 | |c BK |2 ddc | ||
| 991 | |a TESIS | ||
| 999 | |c 21084 | ||